[Event "Timbues Open 2019"]
[Site "Timbues-Santa Fe"]
[Date "2019.11.17"]
[Round "5.1"]
[White "Pichot, Alan"]
[Black "Martinez De Negri, Gonzalo"]
[Result "1-0"]
[WhiteElo "2588"]
[BlackElo "2245"]
[Annotator "TA"]
[PlyCount "37"]
[EventDate "2019.11.16"]
[EventCountry "ARG"]
[SourceTitle "playchess.com"]
[Source "ChessBase"]
[SourceQuality "1"]

{[%evp 15,37,104,119,141,140,91,263,287,260,275,413,309,306,277,518,493,891,891,880,833,1094,1048,29992,29993]} 1. e4 c5 2. Nf3 d6 3. Bb5+ Bd7 4. Bxd7+ Qxd7 5. c4 Qg4 6. O-O Qxe4 7. d4 cxd4 8. Nxd4 Nc6 {[#]} 9. Nb5 $1 {[%mdl 1024] aiming for Re1. White has strong compensation. B52: Sicilian: Moscow Variation with 3...Bd7} O-O-O 10. N1c3 Qf5 $2 (10... Qxc4 $16 11. Be3 Kb8) 11. Be3 $18 {White has a decisive advantage.} a6 12. Nd4 Qd7 $146 (12... Nxd4 {was necessary.} 13. Qxd4 Qc5) ({Predecessor:} 12... Nxd4 13. Qxd4 e6 14. Qa7 {1-0 (14) Burlacu,B (2316)-Ly,D (2074) Austria 2013}) 13. Nxc6 Qxc6 14. b4 {[%cal Bb2b4,Bb4b5][%mdl 32] [#] Threatens to win with b5.} Nf6 $2 (14... Kd7 15. Rc1 Nf6) 15. b5 Qxc4 (15... axb5 $142 16. cxb5 (16. Nxb5 Kd7 $11) 16... Qc7) 16. Na4 Qxb5 17. Rb1 ({Stronger than} 17. Rc1+ Kd7 $11) 17... Qe5 18. Qc2+ Kb8 19. Rfc1 {Accuracy: White = 74%, Black = 16%.} 1-0

[Event "Timbues Open 2019"]
[Site "Timbues-Santa Fe"]
[Date "2019.11.17"]
[Round "5.2"]
[White "Della Morte, German"]
[Black "Mareco, Sandro"]
[Result "0-1"]
[WhiteElo "2364"]
[BlackElo "2637"]
[Annotator "TA"]
[PlyCount "82"]
[EventDate "2019.11.16"]
[EventCountry "ARG"]
[SourceTitle "playchess.com"]
[Source "ChessBase"]
[SourceQuality "1"]

{[%evp 10,82,14,12,18,17,22,20,20,18,16,19,26,23,28,24,28,0,15,-12,-9,-19,-15,-14,0,0,0,0,0,-14,0,-28,-31,-68,-59,-58,-55,-139,-82,-90,-90,-85,-61,-89,-40,-56,-21,-67,-29,-64,-61,-64,-75,-121,-129,-169,-133,-153,-99,-233,-231,-350,-325,-348,-322,-337,-275,-390,-361,-505,-504,-488,-486,-581,-580]} 1. e4 e5 2. Nf3 Nc6 3. Bc4 Bc5 4. O-O Nf6 5. d3 d6 6. a4 a6 {C50: Hungarian Defence and Giuoco Pianissimo} 7. c3 Ba7 8. Re1 O-O {The position is equal.} 9. h3 h6 10. Nbd2 Re8 11. b4 {[%cal Bb2b4,Bb4b5][%mdl 32]} Be6 12. Bxe6 Rxe6 13. Nb3 (13. Nf1 Qd7 14. Be3 Bxe3 15. Nxe3 d5 {1-0 (53) Vachier Lagrave,M (2774)-Aronian,L (2758) Khanty-Mansiysk 2019}) 13... Qd7 14. b5 Ne7 15. c4 Ng6 $146 ({Predecessor:} 15... Rf8) 16. g3 c6 {[%cal Ra6b5]} 17. Kg2 Ree8 {[%cal Ra6b5]} 18. bxa6 bxa6 19. Qc2 Rab8 $36 {[%mdl 2048] Black has good play.} 20. Re2 d5 21. Ba3 Nh5 22. Rh1 f5 23. Nc5 (23. Nbd2 $15) 23... Bxc5 (23... Qf7 $142 {And now ...Ngf4+! would win.} 24. Rg1 Bxc5 25. Bxc5 fxe4 {[%mdl 64] Discovered Attack} 26. dxe4 d4) 24. Bxc5 $17 fxe4 25. dxe4 d4 26. Rd2 a5 27. Ne1 Nf6 28. Re2 Rb7 29. Nd3 Qe6 30. Ba3 {[#] aiming for Nc5.} Nd7 31. Bc1 c5 32. Kh2 Qc6 33. Rhe1 Reb8 (33... Nh8 $142 34. Bd2 Nf7) 34. f4 (34. Bd2 $17) 34... Rb3 $19 {White must now prevent ...Rc3.} 35. f5 (35. Rg2 $142) 35... Rc3 36. Qd1 Rbb3 37. Nf2 Ngf8 ({Not} 37... Qxa4 38. fxg6 Qxc4 39. Ra2 $17) 38. g4 (38. Ra2 {might work better.}) 38... Nh7 39. h4 Qf6 {Black is clearly winning.} 40. g5 hxg5 41. Rg1 Qh6 {Accuracy: White = 34%, Black = 64%.} 0-1

[Event "Timbues Open 2019"]
[Site "Timbues-Santa Fe"]
[Date "2019.11.17"]
[Round "5.3"]
[White "Perez, Maximiliano"]
[Black "Di Benedetto, Guillermo"]
[Result "1/2-1/2"]
[WhiteElo "2418"]
[BlackElo "2309"]
[Annotator "RC"]
[PlyCount "81"]
[EventDate "2019.11.16"]
[EventCountry "ARG"]
[SourceTitle "playchess.com"]
[Source "ChessBase"]
[SourceQuality "1"]

1. e4 g6 2. d4 Bg7 3. Bc4 d6 4. Nc3 c6 5. Nf3 Nf6 6. e5 dxe5 7. Nxe5 O-O 8. O-O Nd5 9. Qf3 Be6 10. Ne4 Nd7 11. Nxd7 Bxd7 12. c3 Bf5 13. Re1 a5 14. Bg5 b6 15. a4 Ra7 16. Ng3 Be6 17. Rxe6 fxe6 18. Qe4 Qd7 19. Re1 e5 20. dxe5 e6 21. h4 Qe8 22. h5 h6 23. Bc1 g5 24. Qg4 Qf7 25. f3 Re7 26. Qe4 Qe8 27. Bd3 Bh8 28. Bc2 Qf7 29. Qc4 Rc8 30. Bg6 Qg7 31. Bd2 Rec7 32. Ne4 Rf8 33. Qb3 Qe7 34. Nf2 Rb7 35. Ng4 Bg7 36. Bb1 b5 37. axb5 cxb5 38. Qc2 Rf5 39. b3 Rc7 40. Qc1 Rf8 41. Qc2 1/2-1/2

[Event "Timbues Open 2019"]
[Site "Timbues-Santa Fe"]
[Date "2019.11.18"]
[Round "6.1"]
[White "Mareco, Sandro"]
[Black "Pichot, Alan"]
[Result "1/2-1/2"]
[WhiteElo "2637"]
[BlackElo "2588"]
[Annotator "TA"]
[PlyCount "47"]
[EventDate "2019.11.16"]
[EventCountry "ARG"]
[SourceTitle "playchess.com"]
[Source "ChessBase"]
[SourceQuality "1"]

{[%evp 9,47,0,22,-2,-5,-10,0,-2,22,8,21,14,37,11,19,17,19,18,18,10,22,0,0,6,0,-30,0,0,0,0,0,0,0,0,50,0,104,0,0,0]} 1. c4 Nf6 2. Nc3 e6 3. Nf3 d5 4. e3 c5 5. cxd5 Nxd5 6. Qc2 {A17: English Opening: 1...Nf6 with ...Bb4} (6. d4 cxd4 7. exd4 Nxc3 8. bxc3 Qc7 9. Bd2 Bd6 10. Bd3 Nd7 11. O-O O-O 12. a4 b6 13. Re1 Bb7 14. h3 Bf4 15. Bxf4 Qxf4 16. Qd2 Qc7 17. Ne5 Nxe5 18. Rxe5 Rac8 19. Re3 g6 20. Bf1 Rfd8 21. Qb2 Rd5 22. c4 {½-½ (38) Karjakin,S (2748)-Dubov,D (2700) Moscow 2019}) 6... Nc6 7. b3 $146 ({Predecessor:} 7. a3 b6 8. Bb5 Bb7 9. O-O a6 10. Be2 Be7 11. b3 O-O 12. Bb2 Rc8 13. Ne4 h6 {½-½ (30) Yakubboev,N (2587)-Lu,S (2624) Xingtai 2019}) 7... Nxc3 8. dxc3 g6 9. Bb2 Bg7 10. Bb5 Qc7 11. c4 f6 12. h4 e5 13. h5 Bf5 14. e4 Bd7 15. hxg6 hxg6 16. Rxh8+ Bxh8 17. Nh4 Nb4 18. Qe2 Bxb5 19. cxb5 Qh7 20. a3 {[#] aiming for Nf3.} Qxh4 21. axb4 {Hoping for b6.} cxb4 22. O-O-O (22. b6 $5 {[%cal Re2b5]} a6 23. O-O-O Rc8+ 24. Kb1 $16) 22... Bg7 {[#]} (22... Rd8 $1 $11 {keeps the balance.}) 23. Kb1 ({White should play} 23. Qc4 $1 $16 {[%cal Rc4e6] White threatens Qe6+ and mate.} Qg4 24. Qg8+ Bf8 25. Rd6) 23... Rd8 $1 $11 {[%cal Rd8d1] Threatens to win with ...Rxd1+.} 24. Rxd8+ {Accuracy: White = 36%, Black = 29%.} 1/2-1/2

[Event "Timbues Open 2019"]
[Site "Timbues-Santa Fe"]
[Date "2019.11.18"]
[Round "6.2"]
[White "Fell, Sebastian"]
[Black "Perez, Maximiliano"]
[Result "1/2-1/2"]
[WhiteElo "2313"]
[BlackElo "2418"]
[Annotator "TA"]
[PlyCount "35"]
[EventDate "2019.11.16"]
[EventCountry "ARG"]
[SourceTitle "playchess.com"]
[Source "ChessBase"]
[SourceQuality "1"]

{[%evp 18,20,16,14,12]} 1. e4 e5 2. Nf3 Nf6 3. Nc3 Nc6 4. Bb5 d6 5. d4 Bd7 6. O-O Be7 7. Re1 Nxd4 8. Nxd4 exd4 9. Qxd4 Bxb5 10. Nxb5 {Strongly threatening e5.} O-O {C66: Ruy Lopez: Steinitz Defence} {Predecessor:} 11. Qc3 $146 a6 12. Nd4 Nd7 13. Nf5 Bf6 14. Qb4 Qc8 15. Bd2 Re8 16. Bc3 a5 17. Qa3 g6 18. Nh6+ {½-½ (49) Vescovi,G (2648)-Milos,G (2601) Sao Paulo 2004} 1/2-1/2

[Event "Timbues Open 2019"]
[Site "Timbues-Santa Fe"]
[Date "2019.11.18"]
[Round "6.3"]
[White "Di Benedetto, Guillermo"]
[Black "Pierrot, Facundo"]
[Result "1-0"]
[WhiteElo "2309"]
[BlackElo "2400"]
[Annotator "TA"]
[PlyCount "69"]
[EventDate "2019.11.16"]
[EventCountry "ARG"]
[SourceTitle "playchess.com"]
[Source "ChessBase"]
[SourceQuality "1"]

{[%evp 13,69,-3,25,30,36,35,74,66,66,64,64,48,65,66,62,17,60,35,80,55,184,161,204,218,233,121,330,333,308,269,278,168,162,121,108,104,148,147,268,281,290,277,270,116,125,93,85,66,229,154,152,152,159,149,390,390,595,595]} 1. c4 c5 2. Nc3 Nc6 3. g3 g6 4. Bg2 Bg7 5. Nf3 e5 6. O-O Nge7 7. Ne1 a6 8. Nc2 {A37: Symmetrical English vs ...g6: 4 Bg2 Bg7 5 Nf3} (8. d3 Rb8 9. a4 d6 10. Nc2 O-O 11. Rb1 a5 12. Bg5 f6 13. Bd2 f5 14. f4 Be6 15. Nd5 Nb4 16. fxe5 Nbxd5 17. cxd5 Nxd5 18. exd6 Qxd6 19. Bxa5 {0-1 (34) Navara,D (2724)-Vachier Lagrave,M (2731) Biel 2015}) 8... Rb8 9. Rb1 b5 10. cxb5 {White is better.} axb5 11. b4 d5 $146 ({Predecessor:} 11... cxb4 12. Nxb4 Qa5 13. Qb3 O-O 14. Qa3 Qd8 15. d3 Nd4 16. Bg5 f6 17. Be3 Nef5 18. Qa7 Rb6 19. Rfe1 Nxe3 {½-½ (19) Klekowski,M (2475)-Szabo,B (2399) Konya 2015}) 12. a4 bxa4 {[%cal Rc5b4]} 13. b5 Nd4 14. Ne3 Bb7 15. Nxa4 Ne6 16. Ba3 Qa5 (16... c4 $1 $14) 17. Bxc5 $18 Nxc5 18. Nxc5 Ba8 19. Qa4 (19. Qb3 $18) 19... Qb6 $2 (19... Qxa4 $16 20. Nxa4 O-O) 20. Rfc1 Rc8 21. Qb4 Qd6 22. b6 {[%cal Bb5b6,Bb6b7][%mdl 32] [#] And now b7 would win.} O-O 23. Na6 Qxb4 24. Nxb4 e4 {intending ...Rxc1+.} 25. Na6 Bb7 (25... Rxc1+ $16 {was worth a try.} 26. Rxc1 Bb7) 26. Nc5 Bc6 27. b7 Rb8 28. Rb6 (28. Nc2 $18 {is more deadly.}) 28... Bd4 $16 29. Bh3 {aiming for Rxc6.} Rfd8 30. Rb4 $36 {[%mdl 2048] White is pushing.} Be5 $2 (30... Bxc5 $1 $14 31. Rxc5 Rxb7 32. Rxb7 Bxb7) 31. Na6 Rxb7 {[#]} 32. Rxc6 $1 {[%mdl 512]} Rxb4 (32... Nxc6 33. Rxb7) 33. Nxb4 {Rb6 is the strong threat.} Nxc6 $2 (33... Rb8 $16 {was necessary.}) 34. Nxc6 $18 Re8 (34... Bc7 $142 35. Nxd8 d4) 35. Bd7 {Accuracy: White = 58%, Black = 28%.} 1-0

[Event "Timbues Open 2019"]
[Site "Timbues-Santa Fe"]
[Date "2019.11.18"]
[Round "7.1"]
[White "Pichot, Alan"]
[Black "Fell, Sebastian"]
[Result "1-0"]
[WhiteElo "2588"]
[BlackElo "2313"]
[Annotator "RC"]
[PlyCount "79"]
[EventDate "2019.11.16"]
[EventCountry "ARG"]
[SourceTitle "playchess.com"]
[Source "ChessBase"]
[SourceQuality "1"]

1. e4 c5 2. Nf3 d6 3. d4 cxd4 4. Nxd4 Nf6 5. Nc3 a6 6. a4 g6 7. Be2 Bg7 8. O-O O-O 9. Be3 Nc6 10. Qd2 Ng4 11. Bxg4 Bxg4 12. Nd5 Rc8 13. a5 Be6 14. Nxe6 fxe6 15. Nb6 Rb8 16. Rad1 Qc7 17. c4 Ne5 18. Qe2 Nc6 19. Qg4 Nd8 20. Rd2 Qc6 21. h4 Rf6 22. Bd4 h5 23. Qg3 e5 24. Nd5 Rf7 25. Ba7 Ra8 26. Be3 Kh7 27. Qh3 Qc8 28. Qg3 Qg4 29. Qxg4 hxg4 30. Nb6 Rb8 31. c5 Nc6 32. cxd6 exd6 33. Nc4 Rd7 34. Bc5 Rbd8 35. Bb6 Bh6 36. Rd3 Rf8 37. Rxd6 Rdf7 38. Rfd1 Rf4 39. Rd7+ Kg8 40. Be3 1-0

[Event "Timbues Open 2019"]
[Site "Timbues-Santa Fe"]
[Date "2019.11.18"]
[Round "7.2"]
[White "Benedetti, Julio"]
[Black "Mareco, Sandro"]
[Result "1/2-1/2"]
[WhiteElo "2259"]
[BlackElo "2637"]
[Annotator "RC"]
[PlyCount "76"]
[EventDate "2019.11.16"]
[EventCountry "ARG"]
[SourceTitle "playchess.com"]
[Source "ChessBase"]
[SourceQuality "1"]

1. e4 c5 2. Nc3 d6 3. Nf3 Nf6 4. d4 cxd4 5. Nxd4 a6 6. Be2 e6 7. O-O Be7 8. f4 O-O 9. a4 Nc6 10. Be3 Bd7 11. Kh1 Rc8 12. Nxc6 Bxc6 13. Bf3 Qc7 14. a5 Nd7 15. Qd2 Rfd8 16. Rfd1 Qb8 17. Qf2 Bf6 18. Ra3 Qc7 19. b4 Re8 20. Rb3 Be7 21. Qe2 Bf8 22. Qd3 Qd8 23. Rbb1 Qc7 24. Rdc1 f5 25. Be2 Nf6 26. exf5 exf5 27. Bd4 Ne4 28. Kg1 Qf7 29. Nxe4 Rxe4 30. Qd2 Rce8 31. Bf3 R4e6 32. Bxc6 bxc6 33. Re1 Re4 34. Rxe4 Rxe4 35. Re1 Qc4 36. c3 d5 37. Rxe4 fxe4 38. Qe3 Qa2 1/2-1/2

[Event "Timbues Open 2019"]
[Site "Timbues-Santa Fe"]
[Date "2019.11.18"]
[Round "7.3"]
[White "Fiorito, Fabian"]
[Black "Di Benedetto, Guillermo"]
[Result "1/2-1/2"]
[WhiteElo "2355"]
[BlackElo "2309"]
[Annotator "TA"]
[PlyCount "44"]
[EventDate "2019.11.16"]
[EventCountry "ARG"]
[SourceTitle "playchess.com"]
[Source "ChessBase"]
[SourceQuality "1"]

{[%evp 10,14,36,12,16,15,24]} 1. d4 g6 2. e4 Bg7 3. Nc3 c6 4. Nf3 d5 5. h3 Nf6 6. Bd3 dxe4 {B15: Caro-Kann: 3 Nc3: 3...g6 and 3...dxe4 4 Nxe4 Nf6 5 Nxf6+ exf6} 7. Nxe4 Nxe4 {Predecessor:} 8. Bxe4 $146 Nd7 9. c3 O-O 10. O-O c5 11. Re1 cxd4 12. Nxd4 Nc5 13. Bc2 e5 14. Nb5 Qb6 15. a4 a6 16. Qd6 Qxd6 17. Nxd6 Rd8 18. Nc4 Nd3 19. Rd1 Bf5 20. Bg5 f6 21. Be3 e4 22. Bxd3 exd3 {1-0 (43) Nepomniachtchi,I (2721)-Wang,H (2735) Beijing 2013} 1/2-1/2